00850nam a2200205 a 450000100100000000500170001000800410002702000180006804000250008608200250011110000150013624501190015126000380027030000470030849000430035565000750039865000790047371000490055283000430060100004674620240313073819.0180321s2015 dr a 000 0 spa d a9789945590296 aDO-SdBNPbspacBNPHU a551.460097293bR788c1 aRosa, Matt10aCambio climático en la República Dominicana :brecursos costeros y comunidades /cMatt Rosa y Hillary Lohmann. aSanto Domingo :bFUNGLODE,c2015. a121 p. :bil., mapas, gráficos ;c21 cm.1 aEstudios y reflexiones. Medio ambiente 4aCambios climáticoszRepública Dominicana, Costa Oceano Atlántico 4aManejo de zonas costeraszRepública Dominicana, Costa Oceano Atlántico2 aFundación Global Democracía y Desarrollo 0aEstudios y reflexiones. Medio ambiente